000 00762nam a2200289#a 4500
001 00872
003 HDC
007 ta
008 230623s2008 xx 000 0 eng d
020 _a9781844074990 (pbk.).
040 _aHDC
050 _aHD 9000.5
_b.M52 2008
100 _aMillstone, Erik.
240 _aPenguin atlas of food
245 4 _aThe atlas of food /
_cErik Millstone and Tim Lang.
250 _a2nd ed.
264 _aLondon :
_bEarthscan,
_c2008.
300 _a128p. :
_b col. ill., col. maps ;
_c 25cm.
500 _aIncludes bibliographical references and index.
650 _aFood industry and trade.
650 _aFood.
700 _aLang, Tim.
942 _2lcc
942 _cBK
942 _kHD 9000.5
942 _m.M52 2008
999 _c22477
_d22477